Thiết kế mố trụ móng cầu : Theo 22TCN 272-05

Nội dung sách gồm những kiến thức về thiết kế mố trụ móng cầu; thiết kế mố cầu; thiết kế móng cọc đóng; thiết kế móng cọc khoan nhồi.

Spremljeno u:
Bibliografski detalji
Glavni autor: Phạm, Văn Thoan
Format: Knjiga
Jezik:Undetermined
Izdano: Hà Nội Xây Dựng 2016
Teme:
Oznake: Dodaj oznaku
Bez oznaka, Budi prvi tko označuje ovaj zapis!
Thư viện lưu trữ: Trung tâm Học liệu Trường Đại học Cần Thơ
LEADER 01031nam a2200241Ia 4500
001 CTU_227133
008 210402s9999 xx 000 0 und d
020 |c 256000 
082 |a 624.25 
082 |b Th406 
100 |a Phạm, Văn Thoan 
245 0 |a Thiết kế mố trụ móng cầu : 
245 0 |b Theo 22TCN 272-05 
245 0 |c Phạm Văn Thoan, Nguyễn Quý Thành, Nguyễn Mạnh Hà 
260 |a Hà Nội 
260 |b Xây Dựng 
260 |c 2016 
520 |a Nội dung sách gồm những kiến thức về thiết kế mố trụ móng cầu; thiết kế mố cầu; thiết kế móng cọc đóng; thiết kế móng cọc khoan nhồi. 
650 |a Cầu,Xây dựng bê tông,Bridges,Concrete construction,Concrete construction 
650 |x Thiết kế và kết cấu,Design and construction 
904 |i Minh, 000609 
910 |a Tuyến 
980 |a Trung tâm Học liệu Trường Đại học Cần Thơ